000 00542nam a22002057a 4500
003 BUBTL
008 160119b xxu||||| |||| 00| 0 eng d
020 _a8131715000
082 _a330SLE
100 _91706
_aSloman,John
245 _aEconomics :
_cJohn Sloman
250 _a6th ed.
260 _aNew Delhi :
_bPearson,
_cc2006.
300 _axxvi, 750 p.:
_bill.,chat, Graph ;
_c25 cm.
500 _aIncludes Indexes and Glossary.
650 0 _924
_aEconomics
856 _k0
_l0
_yDownload
942 _2ddc
_cBK
999 _c5102
_d5102